000 00288nam a22001097a 4500
082 _a663.61 STE'C
100 _aFRANCIS WILFRID DR,STEWART REMINGTON JOHN
_958307
245 _aTHE COMPOSITION AND ASSAYING OF MINERALS
260 _aLONDON
_bTECHNICAL
_c1952
300 _a127P
942 _cBK
999 _c568503
_d568503